Όλοι οι Χώροι της UNESCO στην Ελλάδα σε Χάρτη - Statistics

General Stats
  • This quiz has been taken 38 times
  • The average score is 12 of 20
Answers on the Map
Answers color-coded by a green-red scale on the quiz's map according to % correct below.
 
Answer Stats
Answer % Correct
Ακρόπολη Αθηνών
91%
Μετέωρα
82%
Μονή Δαφνίου, Μονή Οσίου Λουκά και Νέα Μονή Χίου
82%
Μινωικά Ανακτορικά Κέντρα
82%
Άγιο Όρος
82%
Πυθαγόρειο και Ηραίο Σάμου
73%
Παλιά Πόλη της Κέρκυρας
73%
Μεσαιωνική πόλη της Ρόδου
73%
Δήλος
64%
Παλαιοχριστιανικά και Βυζαντινά μνημεία της Θεσσαλονίκης
64%
Το ιστορικό κέντρο της Χώρας της Πάτμου
55%
Πολιτιστικό Τοπίο Ζαγορίου
55%
Αρχαιολογικός χώρος Δελφών
55%
Αρχαιολογικός χώρος Φιλίππων
55%
Αρχαιολογικός χώρος Ολυμπίας
45%
Αρχαιολογικός χώρος του Μυστρά
45%
Αρχαιολογικός χώρος των Μυκηνών και Τίρυνθας
45%
Αρχαιολογικός χώρος των Αιγών
27%
Ναός του Επικούριου Απόλλωνα στις Βάσσες
18%
Ιερό του Ασκληπιού στην Επίδαυρο
18%
No matching quizzes found
Score Distribution
Percent of People with Each Score
Percentile by Number Answered
Your Score History
You have not taken this quiz